Marka na D - Statystyki

Ogólne statystyki
  • Ten quiz został rozwiązany 66 razy
  • Średni wynik to 3 z 12
Statystyki odpowiedzi
Odpowiedź % Poprawnych
Dacia
64%
Dino
36%
Danio
30%
DHL
27%
Daewoo
25%
Delma
23%
Dealz
18%
Domestos
18%
DPD
16%
Delicje
14%
Disney
14%
Desperados
7%
Nie znaleziono quizów pasujących do podanych kryteriów
Rozkład punktacji
Procent ludzi z każdym wynikiem
Percentyl według liczby udzielonych odpowiedzi
Twoja historia wyników
Nie rozwiązałeś tego quizu